Les Simpson - Vrai ou Faux (9) - Statistiques

Statistiques générales
  • Ce quiz a été pris 116 fois
  • Le résultat moyen est 12 sur 20
Statistiques - réponses
Question Réponse % Correct
Bart a deux sœurs Vrai
100%
Milhouse est le seul personnage à avoir des sourcils Faux
92%
La famille Simpson possède trois canapés dans leur maison Faux
83%
Il n'y a aucun doublon dans les titres de la série Faux
75%
Lisa a dessiné une bande-dessinée à succès avec Bart Faux
75%
Dans l'épisode "Le mariage de Lisa", le jeune anglais que Lisa compte épouser s'appelle Jake Faux
67%
Bart a remporté un oscar pour le film Papa Furax Vrai
67%
Le trampoline qu'Homer a eu auprès de Krusty était gratuit Vrai
67%
Quand Marge interdit à sa famille d'utiliser leur téléphone, elle est la première à craquer et à retourner dessus Vrai
67%
Les deux hippies qui étaient amis avec la mère d'Homer possèdent actuellement une fabrique de jus de raisin Faux
50%
C'est grâce à Marge que Moe décide de ne pas sauter d'un pont dans l'épisode 22 de la saison 14 Faux
50%
Homer a un demi-frère et une demi-sœur Vrai
50%
Skinner est apparu dès le premier épisode de la saison 1 Vrai
50%
Lors de son tournoi d'esport, le groupe de Bart se fait appeler les Evergreen Terrors Vrai
50%
Helen Lovejoy est la marraine de Lisa Vrai
42%
La mère de Nelson s'appelle Veronica Vrai
42%
Le chef Wiggum est fétichiste des pieds Vrai
42%
Le père de Marge possède le même prénom que le chef de la police Vrai
33%
Lorsque la famille part au Danemark, ils emmènent Abraham avec eux Vrai
33%
Dans "Fiesta à Las Vegas", on apprend que Ned à 65 ans Faux
17%
Aucun quiz correspondant
Distribution des résultats
% des personnes avec chaque résultat
Percentile par nombre de réponses
Votre historique - résultats
Vous n’avez pas pris ce quiz